¿Qué es la pedagogía? : (Record no. 169032)

MARC details
000 -CABECERA
campo de control de longitud fija 00728nam a2200229 u 4500
005 - FECHA Y HORA DE LA ÚLTIMA TRANSACCIÓN
campo de control 20240920064437.0
008 - ELEMENTOS DE LONGITUD FIJA--INFORMACIÓN GENERAL
campo de control de longitud fija 140409s1985 r 000 0 eng d
020 ## - NÚMERO INTERNACIONAL NORMALIZADO PARA LIBROS
Número Internacional Estándar del Libro 8432993328
035 ## - NÚMERO DE CONTROL DEL SISTEMA
Número de control de sistema UPN01000196931
049 ## - COLECCIÓN
Colección CG
050 #4 - SIGNATURA TOPOGRÁFICA DE LA BIBLIOTECA DEL CONGRESO
Número de clasificación LB41
Número de documento/Ítem S2.7
100 1# - ASIENTO PRINCIPAL--NOMBRE PERSONAL
Nombre de persona Sarramona López, Jaime,
Fechas asociadas al nombre 1944-
9 (RLIN) 29962
245 11 - MENCIÓN DE TÍTULO
Título ¿Qué es la pedagogía? :
Resto del título una respuesta actual /
Mención de responsabilidad, etc. Jaime Sarramona, Salomo Marques.
260 ## - PUBLICACIÓN, DISTRIBUCIÓN, ETC.
Lugar de publicación, distribución, etc. Barcelona, Esp. :
Nombre del editor, distribuidor, etc. CEAC,
Fecha de publicación, distribución, etc. 1985.
300 ## - DESCRIPCIÓN FÍSICA
Extensión 124 p. :
Otras características físicas il.
440 #0 - MENCIÓN DE SERIE/ASIENTO SECUNDARIO--TÍTULO
Título Educación y enseñanza.
Nombre de parte o sección de la obra Monográfica
650 #4 - ASIENTO SECUNDARIO DE MATERIA - TERMINO TEMATICO
Término de materia o nombre geográfico como elemento de entrada Educación
Subdivisión general Fines y objetivos
9 (RLIN) 4837
650 #4 - ASIENTO SECUNDARIO DE MATERIA - TERMINO TEMATICO
Término de materia o nombre geográfico como elemento de entrada Educación
Subdivisión general Estudio y enseñanza
9 (RLIN) 1553
700 1# - ASIENTO SECUNDARIO--NOMBRE DE PERSONAL
Nombre de persona Marques, Salomo,
Término indicativo de función/relación coaut.
905 ## - TIPO DE MATERIAL
Tipo de material Libro
Holdings
Estado de retiro Estado de pérdida Fuente del sistema de clasificación o colocación Estado dañado No para préstamo Código de colección Localización permanente Ubicación/localización actual Ubicación en estantería Fecha de adquisición Total de préstamos Clasificación Código de barras Fecha visto por última vez Fecha del último préstamo Número de copia Tipo de ítem Koha Renovaciones totales
    Library of Congress Classification     Colección General Bib. Gregorio Torres Quintero Bib. Gregorio Torres Quintero Planta baja 28/03/2023 19 LB41 S2.7 315332 14/08/2023 09/08/2023 1 Libro  
    Library of Congress Classification     Colección General Bib. Gregorio Torres Quintero Bib. Gregorio Torres Quintero Planta baja 16/03/2022 24 LB41 S2.7 296625 21/08/2023 09/08/2023 1 Libro 1